[Event "Pinneberg-ch"]
[Site "Pinneberg"]
[Date "2016.09.08"]
[Round "2"]
[White "Olschok, Juergen"]
[Black "Lamzin, Victor"]
[Result "0-1"]
[WhiteElo "1690"]
[BlackElo "1947"]
[PlyCount "68"]
[EventDate "2016.09.01"]
[EventType "swiss"]
[EventRounds "7"]
[EventCountry "GER"]
[SourceTitle "EXT 2018"]
[Source "ChessBase"]
[SourceDate "2017.10.13"]
[SourceVersion "1"]
[SourceVersionDate "2017.10.13"]
[SourceQuality "1"]

1. e4 c5 2. Nc3 Nc6 3. f4 g6 4. Nf3 Bg7 5. Bb5 Nd4 6. Bc4 a6 7. a4 e6 8. 0-0 Ne7 9. Kh1 0-0 10. Nxd4 cxd4 11. Ne2 d5 12. exd5 exd5 13. Bd3 Bf5 14. Bxf5 Nxf5 15. Ng3 Nxg3+ 16. hxg3 Rc8 17. c3 Qd7 18. Rb1 Rfe8 19. cxd4 Bxd4 20. b4 Qf5 21. Bb2 Bxb2 22. Rxb2 Re4 23. d3 Re3 24. Rf3 Rce8 25. Rxe3 Rxe3 26. Rc2 Rxg3 27. Qe2 Rxd3 28. Rc8+ Kg7 29. Qc2 Qh5+ 30. Kg1 Rd1+ 31. Kf2 Qh4+ 32. Kf3 Rf1+ 33. Ke3 Qg3+ 34. Kd4 Rxf4+ 0-1

[Event "Pinneberg-ch"]
[Site "Pinneberg"]
[Date "2013.08.29"]
[Round "4"]
[White "Hadlich, Winfried"]
[Black "Lamzin, Victor"]
[Result "1-0"]
[WhiteElo "1960"]
[BlackElo "1962"]
[PlyCount "105"]
[EventDate "2013.08.08"]
[EventType "swiss"]
[EventRounds "7"]
[EventCountry "GER"]
[SourceTitle "EXT 2017"]
[Source "ChessBase"]
[SourceDate "2016.10.25"]
[SourceVersion "1"]
[SourceVersionDate "2016.10.25"]
[SourceQuality "1"]

1. d4 Nf6 2. c4 g6 3. Nc3 Bg7 4. e4 d6 5. Be2 0-0 6. Be3 Nbd7 7. Nf3 e5 8. 0-0 exd4 9. Nxd4 Nc5 10. f3 Re8 11. b4 Ne6 12. Rc1 c6 13. Nb3 Qe7 14. Qd2 Rd8 15. Qe1 d5 16. cxd5 cxd5 17. Nxd5 Nxd5 18. exd5 Rxd5 19. Bc4 Rd8 20. Qf2 Qxb4 21. Qh4 Re8 22. Kh1 a5 23. Rfd1 a4 24. Bc5 Qxc5 25. Nxc5 Nxc5 26. Rd8 Be6 27. Rxe8+ Rxe8 28. Bxe6 Nxe6 29. Qxa4 Rd8 30. Rd1 Bd4 31. g3 b6 32. f4 Kg7 33. Qc4 h5 34. h3 Bf6 35. Rxd8 Bxd8 36. Qd5 Be7 37. f5 Nf8 38. fxg6 fxg6 39. Qb7 Kf7 40. Qxb6 Ne6 41. a4 Bc5 42. Qb7+ Kf6 43. a5 g5 44. a6 Bd6 45. a7 Nc7 46. a8Q Nxa8 47. Qxa8 Bxg3 48. Qf3+ Bf4 49. Qxh5 Be3 50. Kg2 Bf4 51. Kf3 Bd2 52. Ke4 Bc1 53. Qh6+ 1-0

[Event "Pinneberg-ch"]
[Site "Pinneberg"]
[Date "2013.08.15"]
[Round "2"]
[White "Lamzin, Victor"]
[Black "Iwanow, Thomas"]
[Result "1-0"]
[WhiteElo "1962"]
[BlackElo "1756"]
[PlyCount "105"]
[EventDate "2013.08.08"]
[EventType "swiss"]
[EventRounds "7"]
[EventCountry "GER"]
[SourceTitle "EXT 2017"]
[Source "ChessBase"]
[SourceDate "2016.10.25"]
[SourceVersion "1"]
[SourceVersionDate "2016.10.25"]
[SourceQuality "1"]

1. c4 Nf6 2. Nc3 c5 3. Nf3 Nc6 4. d4 cxd4 5. Nxd4 Nxd4 6. Qxd4 b6 7. e4 Bb7 8. Be2 d6 9. 0-0 g6 10. Be3 Bg7 11. Qd3 0-0 12. Rac1 Qd7 13. Rfd1 Rfd8 14. b3 Rac8 15. h3 Qc6 16. Bf3 Qd7 17. Qe2 Qc7 18. Nd5 Nxd5 19. exd5 Rf8 20. a4 Ba6 21. Qd2 Rcd8 22. b4 Be5 23. c5 dxc5 24. bxc5 Qb8 25. cxb6 axb6 26. Rc6 Bc7 27. Qc3 Be5 28. Qb4 Bd6 29. Qxb6 Qxb6 30. Rxb6 Ra8 31. Rc6 Bb7 32. Rc4 Ba6 33. Rcc1 Rfc8 34. Bb6 Bb7 35. a5 Rxc1 36. Rxc1 f6 37. Kf1 Kf7 38. Ke2 Ba6+ 39. Ke3 g5 40. g3 h6 41. Bg4 Kg6 42. Ke4 Rf8 43. Bf5+ Kg7 44. Be6 Kg6 45. Bc5 f5+ 46. Kd4 Bxc5+ 47. Rxc5 Kf6 48. Rc6 Bf1 49. a6 Ra8 50. Bc8+ Kg7 51. Bb7 Ra7 52. Kc5 Bxa6 53. Bxa6 1-0